| 000 | 00000nam##2200000za#4500 |
| 001 | 9.643773 |
| 003 | CaOODSP |
| 005 | 20220505163029 |
| 007 | cr ||||||||||| |
| 008 | 150407|2014||||xxc|||||o f|0| 0 fre|d |
| 020 | |a978-0-660-22640-8 |
| 040 | |aCaOODSP|bfre |
| 043 | |an-cn--- |
| 086 | 1 |aHP40-4/3-2014F-PDF |
| 110 | 2 |aAgence de santé publique du Canada. |
| 245 | 10|aRésumé des résultats clés de la phase 3 du système I-Track (2010 à 2012) |h[ressource électronique] |
| 260 | |aOttawa - Ontario : |bAgence de santé publique du Canada |cOctobre 2014. |
| 300 | |a20p.|bcarte, références, tableaux |
| 590 | |a15-05|b2015-01-30 |
| 691 | 07|aHépatite|2gcpds |
| 691 | 07|aSIDA|2gcpds |
| 775 | 08|tSummary of key findings from I-Track Phase 3 (2010-2012) |w(CaOODSP)9.699818 |
| 856 | 40|ahttp://publications.gc.ca|qPDF|s559 Ko|uhttps://publications.gc.ca/collections/collection_2015/aspc-phac/HP40-4-3-2014-fra.pdf |
| 986 | |aPub. : 140275 |